000 00648cam a22002531 4500
001 sa 68001967
003 DLC
005 20260227112438.0
008 940912s1967 ii 000 0 pano
010 _asa 68001967
025 _aPL480:I-Pu-1011
035 _a(OCoLC)31091805
040 _aDLC
_cCU
_dCU
_dDLC
042 _apremarc
050 0 0 _aPK2659.K45
_bA8 1967
100 1 _aKhanna, Guranditta.
245 1 0 _aJaga-prakāsha.
260 _c[1967]
300 _a140 p.
_c18 cm.
500 _aIn Panjabi.
500 _aPrevious ed. published under title: Amara Jotī.
600 0 0 _aGautama Buddha
_vPoetry.
740 0 _aAmara Jotī.
999 _c78352
_d78352